000 01380nab a22002657a 4500
999 _c5472
_d5472
003 OSt
005 20251123211511.0
008 190603e xxum|||| |||| 00| 0 spa d
040 _cPJ
100 _96280
_aPalma, Mariano
245 1 0 _aResiduos sólidos urbanos y el expuesto a una relación de consumo /
_cMariano Palma.
260 _cCiudad Autónoma de Buenos Aires :
_aThomson Reuters La Ley,
_b2025.
300 _ap. 275-283
500 _aCita Online: TR LALEY AR/DOC/36/2025
505 _aSumario: I. Introducción.— II. ¿Qué son los residuos sólidos urbanos?— III. ¿Quién es el propietario de los residuos sólidos urbanos?— IV. ¿Existe relación de consumo?— V. El expuesto a una relación de consumo. Actualidad de la situación.— VI. Factores de atribución.— VII. ¿Qué tipo de daños podría reclamar?— VIII. Conclusión.
505 _t¿Te interesa el texto completo? Solicitalo al correo: koha@justierradelfuego.gov.ar
650 0 _91497
_aCODIGO CIVIL Y COMERCIAL
650 0 _92597
_aDEFENSA DEL CONSUMIDOR
650 0 _94552
_aRELACION DE CONSUMO
650 0 _91821
_aDERECHOS REALES
650 0 _95536
_aRESIDUOS DOMICILIARIOS
650 0 _91821
_aDERECHOS REALES
773 0 _02713
_93170
_dCiudad Autónoma de Buenos Aires : Thomson Reuters La Ley, 2015-
_tRevista Código Civil y Comercial. Nº 2 - Abril 2025
942 _2udc
_cANA